| 000 | 00581nam a2200169 a 4500 | ||
|---|---|---|---|
| 001 | BRCA_1884 | ||
| 005 | 20190320203604.0 | ||
| 008 | 130608s1991----mx a---###---#000-0#spa-# | ||
| 020 | _a9688590657 | ||
| 050 | 4 |
_aVK87 _b.E87 1991 |
|
| 245 | 1 | 0 |
_aEspaña y Nueva España _bsus acciones transmarítimas. |
| 260 |
_aMéxico _bUniversidad Iberoamericana _c1991 |
||
| 300 |
_a202 p. _bil., mapas _c21 cm. |
||
| 500 | _aMemorias del I Simposio Internacional, celebrado en la Ciudad de México, 23-26 octubre, 1990 | ||
| 650 | 1 | 4 |
_aNavegación _ySiglo XVI _zNueva España _95826 |
| 942 |
_2lcc _cB |
||
| 999 |
_c1661 _d1661 |
||